[Event "Balatonbereny op"]
[Site "Balatonbereny"]
[Date "1995.??.??"]
[Round "3"]
[White "Gross, Stefan"]
[Black "Rosemann, R."]
[Result "1/2-1/2"]
[WhiteElo "2350"]
[BlackElo "2195"]

1.e4 c5 2.Nf3 e6 3.d4 cxd4 4.Nxd4 Nc6 5.Nb5 d6 6.Bf4 e5 7.Be3 Nf6 8.N1c3 a6
9.Na3 b5 10.Nd5 Nxd5 11.exd5 Nb8 12.c4 bxc4 13.Nxc4 Nd7 14.Be2 Be7 15.O-O O-O
16.Kh1 f5 17.f3 Bb7 18.b4 f4 19.Bg1 Nf6 20.Nb6 Rb8 21.Qa4 Nh5 22.Qd7 Rf6
23.Bf2 Rh6 24.Kg1 Nf6 25.Qf5 Kh8 26.Rfd1 Rh5 27.Qc2 Qg8 28.Qc4 Qe8 29.a4 e4
30.fxe4 Re5 31.Bf3 Bf8 32.Bd4 Re7 33.Qc1 Nxe4 34.Qxf4 Qg6 35.Re1 Ng5 36.Kh1 Rf7
37.Qg4 Be7 38.Rac1 Rbf8 39.Nd7 Rd8 40.Nb6 Bf6 41.Be4 Qh6 42.Bxf6 Qxf6 43.Bd3 Re7
44.Rxe7 Qxe7 45.Qe2 Qf7 46.Bxa6 Re8 47.Qxe8+ Qxe8 48.Bxb7 Nf7 49.a5 h6 50.Ba6 Qe3
51.Rf1 Ne5 52.Nc4 Nxc4 53.Bxc4 Qc3 54.Be2 Qd2 55.Bh5 g6 56.Bxg6 Qxb4 57.a6 Qb5
58.Ra1 Qb2 59.Rf1 Qa3 60.a7 Kg8 61.Bf7+ Kg7 62.Be6 Kg6 63.h4 Qxa7 64.Kh2 Qe3
65.Rf5 Qe1 66.h5+ Kg7 67.g3 Qe2+ 68.Kh3 Qd1  1/2-1/2

[Event "Balatonbereny-C"]
[Site "Balatonbereny"]
[Date "1995.??.??"]
[Round "11"]
[White "Lengyel, Bela"]
[Black "Holzmann, Herbert"]
[Result "1-0"]
[WhiteElo "2425"]
[BlackElo "2215"]

1.e4 c5 2.Nf3 Nc6 3.d4 cxd4 4.Nxd4 e6 5.Nb5 d6 6.Bf4 e5 7.Be3 Nf6 8.N1c3 a6
9.Na3 b5 10.Nd5 Nxd5 11.exd5 Ne7 12.c4 Nf5 13.Bd2 bxc4 14.Nxc4 Bd7 15.Ba5 Qh4
16.Bd3 Bb5 17.Rc1 Nd4 18.O-O Be7 19.Re1 f5 20.Bb6 O-O 21.g3 Qg5 22.Bxd4 exd4
23.f4 Qf6 24.Re6 Qf7 25.Qe2 Bxc4 26.Bxc4 Bf6 27.Rxd6 Qc7 28.Rxf6  1-0

[Event "Berliner Sommer"]
[Site "Berlin"]
[Date "1995.??.??"]
[Round "4"]
[White "Dranov, Aleksandar"]
[Black "Teske, Henrik"]
[Result "0-1"]
[WhiteElo "2360"]
[BlackElo "2500"]

1.e4 c5 2.Nf3 e6 3.d4 cxd4 4.Nxd4 Nc6 5.Nb5 d6 6.c4 Nf6 7.N1c3 a6 8.Nd4 Bd7
9.Be2 Be7 10.O-O O-O 11.Be3 Qb8 12.a3 Rc8 13.Nxc6 Bxc6 14.f3 b5 15.cxb5 axb5
16.Qb3 d5 17.exd5 Nxd5 18.Nxd5 Bxd5 19.Qxb5 Qe5 20.Qb6 Rc2 21.Bd3 Rxb2 22.Qd4 Qxd4
23.Bxd4 Rd2 24.Rfd1 Rxd1+ 25.Rxd1 Rxa3 26.Rc1 Ra8 27.Be4 Bxe4 28.fxe4 f6
29.Rc7 Kf8 30.Kf2 Ra5 31.Kf3 Ra3+ 32.Rc3 Ra5 33.Bb6 Rb5 34.Bd4 Kf7 35.Be3 h5
36.g3 g5 37.h3 Bd6 38.Bd4 Ra5 39.Rb3 Ra2 40.Rd3 f5 41.exf5 exf5 42.g4 Rh2
43.gxf5 Rxh3+ 44.Ke4 Rxd3 45.Kxd3 h4 46.Ke2 h3 47.Kf1 g4 48.Bf2 Kf6 49.Kg1 Kxf5
50.Kh1 Ke4 51.Be1 Kf3 52.Bf2 Bb4 53.Bh4 Bc5 54.Bg3 Be3  0-1

[Event "Berliner Sommer"]
[Site "Berlin"]
[Date "1995.??.??"]
[Round "6"]
[White "Kruppa, Yuri"]
[Black "Milov, Leonid"]
[Result "1-0"]
[WhiteElo "2570"]
[BlackElo "2480"]

1.e4 c5 2.Nf3 e6 3.d4 cxd4 4.Nxd4 Nc6 5.Nb5 d6 6.c4 Nf6 7.N1c3 a6 8.Na3 b6
9.Be3 Be7 10.Be2 Bb7 11.Qb3 Nd7 12.Rc1 Nc5 13.Qd1 Bf6 14.Nab1 O-O 15.O-O Rb8
16.f3 e5 17.Qd2 h6 18.Rfd1 Nd4 19.Bxd4 exd4 20.Nd5 Bxd5 21.cxd5 b5 22.b4 Na4
23.Bd3 Nc3 24.Re1 a5 25.a3 axb4 26.axb4 Qb6 27.Qf2 Rfe8 28.f4 g6 29.Nd2 Bg7
30.Nb3 Rbc8 31.Kh1 Qc7 32.Qf3 Qe7 33.Qf2 Qd7 34.Ra1 Ra8 35.Na5 Ra6 36.Qf3 Rea8
37.Rf1 Re8 38.Rae1 Na2 39.Nc6 Rxc6 40.Bxb5 Rc3 41.Bxd7 Rxf3 42.Bxe8 Rxf1+
43.Rxf1 Nxb4 44.Rb1 Na2 45.Rb8 Nc3 46.Bb5+ Kh7 47.Bd3 Na4 48.Rb3 Nc5 49.Ra3 h5
50.g3 Bf6 51.Kg2 Kg7 52.Kf3 g5 53.Ke2 h4 54.Ra8 hxg3 55.hxg3 gxf4 56.gxf4 Bh4
57.Bc2 Kf6 58.Rg8 Ke7 59.Bd3 Bf6 60.Bb5 Bh4 61.e5 f5 62.Rh8  1-0

[Event "Berliner Sommer"]
[Site "Berlin"]
[Date "1995.??.??"]
[Round "7"]
[White "Meier, Volker"]
[Black "Poluljahov, Aleksandr"]
[Result "0-1"]
[WhiteElo "2320"]
[BlackElo "2460"]

1.e4 c5 2.Nf3 e6 3.d4 cxd4 4.Nxd4 Nc6 5.Nb5 d6 6.c4 Nf6 7.N1c3 a6 8.Na3 b6
9.Be3 Nb8 10.g4 h6 11.Bg2 Bb7 12.f4 Nbd7 13.g5 hxg5 14.fxg5 Nh5 15.O-O g6
16.Qd2 Qc7 17.Qf2 Rh7 18.Bf3 Rb8 19.Rac1 Ba8 20.b4 Be7 21.Be2 Ne5 22.Nab1 Nxc4
23.Bxc4 Qxc4 24.a3 e5 25.Nd2 Qe6 26.Qg2 b5 27.Nd5 Bd8 28.Rc3 Rc8 29.Rfc1 Rxc3
30.Rxc3 Kf8 31.Bb6 Nf4 32.Qf3 Nxd5 33.Bxd8 Nxc3 34.Qxc3 Qg4+ 35.Kh1 Bxe4+
36.Nxe4 Qxe4+ 37.Kg1 Rh4 38.Be7+ Kxe7 39.Qc7+ Ke6 40.Qc8+ Kd5  0-1

[Event "Berliner Sommer"]
[Site "Berlin"]
[Date "1995.??.??"]
[Round "9"]
[White "Brodsky, Michail"]
[Black "Suetin, Alexey S"]
[Result "1/2-1/2"]
[WhiteElo "2555"]
[BlackElo "2445"]

1.e4 c5 2.Nf3 e6 3.d4 cxd4 4.Nxd4 Nc6 5.Nb5 d6 6.c4 Nf6 7.N1c3 a6 8.Na3 Be7
9.Be2 b6 10.Be3 O-O 11.O-O Ne5 12.f4 Ned7 13.Bf3 Bb7 14.Qe2 Qc7 15.Rac1 Rac8
16.g4 h6 17.h4 Nh7 18.Qh2 Qd8 19.Bf2 g5 20.hxg5 hxg5 21.Kg2 Kg7 22.Bd4+ e5
23.Rh1 Rh8 24.fxe5 dxe5 25.Bxe5+ Nxe5 26.Qxe5+ Bf6 27.Qg3 Qd4 28.Qf2 Rhd8
29.Rc2 Qxf2+ 30.Kxf2 Bxc3 31.Rxc3 Rd2+ 32.Ke3 Rxb2 33.Rb1 Rxb1 34.Nxb1 Nf8
35.Nd2 Nd7 36.e5  1/2-1/2

[Event "Bern op"]
[Site "Bern"]
[Date "1995.??.??"]
[Round "9"]
[White "Almasi, Istvan"]
[Black "Milov, Leonid"]
[Result "1-0"]
[WhiteElo "2375"]
[BlackElo "2525"]

1.e4 c5 2.Nf3 e6 3.d4 cxd4 4.Nxd4 Nc6 5.Nb5 d6 6.c4 Nf6 7.N5c3 b6 8.Be2 Bb7
9.O-O Be7 10.b3 O-O 11.Bb2 Rc8 12.Nd2 Qc7 13.Rc1 Qb8 14.Bd3 Nd7 15.f4 Bf6
16.Qg4 g6 17.Nf3 Nc5 18.Bb1 Nb4 19.Rcd1 Bxe4 20.Bxe4 Nxe4 21.Nxe4 Bxb2 22.Qh4 d5
23.Nf6+ Bxf6 24.Qxf6 Qc7 25.Ng5 h6 26.Nxe6 fxe6 27.Qxg6+ Qg7 28.Qxe6+ Kh8
29.cxd5 Rfe8 30.Qh3 Rc3 31.Rf3 Rc2 32.Rf2 Rxf2 33.Kxf2 Nc2 34.d6 Nd4 35.d7 Rd8
36.Re1 Qf8 37.Re4  1-0

[Event "SWE-ch"]
[Site "Borlange"]
[Date "1995.??.??"]
[Round "2"]
[White "Jonsson, M."]
[Black "Sjoberg, Mats"]
[Result "1-0"]
[WhiteElo "2335"]
[BlackElo "2450"]

1.e4 c5 2.Nf3 e6 3.d4 cxd4 4.Nxd4 Nc6 5.Nb5 d6 6.c4 a6 7.N5c3 Nf6 8.Be2 Be7
9.O-O O-O 10.Be3 b6 11.Nd2 Bb7 12.Rc1 Re8 13.Qb3 Nd7 14.Rfd1 Nc5 15.Qc2 Bf6
16.Qb1 Bd4 17.Nf1 Qf6 18.b4 Nd7 19.Bxd4 Nxd4 20.Ne3 a5 21.a3 axb4 22.axb4 Ra3
23.Rxd4 Rxc3 24.Rcd1 Qg6 25.Qb2 Rxe3 26.fxe3 Ne5 27.Rxd6 Qxe4 28.Bf1 Qxe3+
29.Qf2 Qg5 30.Qg3 Qf6 31.Rxb6 Ba8 32.Rbd6 h5 33.R6d4 Nc6 34.Rf4 Qe7 35.b5 e5
36.Rf5 h4 37.Qe3 g6 38.Rg5 Nd4 39.Rxe5 Nf3+ 40.gxf3 Qxe5 41.Qxe5 Rxe5  1-0

[Event "RUS-sf"]
[Site "Briansk"]
[Date "1995.??.??"]
[Round "3"]
[White "Petrushin, Alexander I"]
[Black "Samarin, Igor"]
[Result "1-0"]
[WhiteElo "2485"]
[BlackElo "2395"]

1.e4 c5 2.Nf3 e6 3.d4 cxd4 4.Nxd4 Nc6 5.Nb5 d6 6.c4 Nf6 7.N1c3 a6 8.Na3 Be7
9.Be2 O-O 10.O-O b6 11.Be3 Ne5 12.f4 Ned7 13.Bf3 Bb7 14.Qe2 Re8 15.Rfd1 Qc7
16.Rac1 Rac8 17.Kh1 h6 18.Bf2 Nf8 19.Qe1 Ng6 20.Bg3 Qb8 21.Qf2 Bc6 22.Nc2 Qa8
23.Re1 Bd8 24.Nd4 Bb7 25.e5 dxe5 26.fxe5 Nd7 27.Bxb7 Qxb7 28.Ne4 Be7 29.Nd6 Bxd6
30.exd6 e5 31.Nf5 Re6 32.Qe3 Kh7 33.Rf1 Rf6 34.b4 Qc6 35.Qd3 Kh8 36.h3 Re8
37.c5 bxc5 38.bxc5 Nxc5 39.Qe3 Rc8 40.Rxc5 Qxc5 41.d7 Qc4 42.dxc8=Q+ Qxc8
43.Bxe5 Nxe5 44.Qxe5 Qc4 45.Rf3 Qxa2 46.Qb8+ Kh7 47.Ne7  1-0

[Event "RUS-sf"]
[Site "Briansk"]
[Date "1995.??.??"]
[Round "8"]
[White "Galkin, Alexander"]
[Black "Petrushin, Alexander I"]
[Result "1/2-1/2"]
[WhiteElo "2415"]
[BlackElo "2485"]

1.e4 c5 2.Nf3 e6 3.d4 cxd4 4.Nxd4 Nc6 5.Nb5 d6 6.c4 Nf6 7.N1c3 a6 8.Na3 Be7
9.Be2 O-O 10.O-O Bd7 11.Be3 Qb8 12.f4 Rc8 13.Rc1 b6 14.g4 Be8 15.g5 Nd7 16.Qe1 Na7
17.Qf2 Qb7 18.Bf3 Nc5 19.Rfd1 Rab8 20.Nc2 Na4 21.e5 Qc7 22.Nb4 Nc5 23.Bxc5 bxc5
24.Nxa6 Qb6 25.Nxb8 Qxb8 26.Qe3 Nc6 27.exd6 Bxd6 28.Rxd6 Qxd6 29.Nb5 Qb8
30.Rd1 Nb4 31.Nd6 Rc7 32.Qe5 Bc6 33.Bxc6 Nxc6 34.Qxc5 Qxb2 35.Nb5 Qe2 36.Rf1 Qg4+
37.Kh1 Qe2 38.Kg1 Qg4+ 39.Kh1 Qe2 40.Qf2 Qe4+ 41.Qf3 Qxf3+ 42.Rxf3 Rd7 43.Ra3 h6
44.Ra8+ Kh7 45.Rc8 Ne7 46.Rc7 Rxc7 47.Nxc7 hxg5 48.fxg5 Kg6 49.a4 Nc6 50.Ne8 Kxg5
51.Nxg7 Kf6 52.Nh5+ Ke5 53.Kg2 Kd4 54.h4 Kxc4 55.Kf3 Ne5+ 56.Kf4 Ng6+  1/2-1/2

[Event "Spring op"]
[Site "Budapest"]
[Date "1995.??.??"]
[Round "?"]
[White "Videki, Sandor"]
[Black "Parkanyi, Attila"]
[Result "0-1"]
[WhiteElo "2455"]
[BlackElo "2325"]

1.e4 c5 2.Nf3 e6 3.d4 cxd4 4.Nxd4 Nc6 5.Nb5 d6 6.c4 a6 7.N5c3 Nf6 8.Be2 Be7
9.O-O O-O 10.Be3 b6 11.a3 Bb7 12.Nd2 Rc8 13.Rc1 Nb8 14.f4 d5 15.cxd5 exd5
16.exd5 Nxd5 17.Nxd5 Bxd5 18.Nc4 b5 19.Nb6 Rxc1 20.Qxc1 Bc6 21.Rd1 Bd6 22.Bc5 Bxc5+
23.Qxc5 Qf6 24.Qd4 Qg6 25.Nd5 Bxd5 26.Qxd5 Nc6 27.Bf3 Na5 28.Qd4 Nc4 29.Be4 Qe6
30.Bd5 Qe3+ 31.Qxe3 Nxe3 32.Rd3 Nxd5 33.Rxd5 Rc8 34.Rd6 Kf8 35.b4 Rc1+ 36.Kf2 Rc2+
37.Kf1 Rc1+ 38.Kf2 Rc2+ 39.Kf1 Rc1+ 40.Ke2 Rc2+ 41.Kd3 Rxg2 42.Rxa6 Rxh2
43.Ra5 g6 44.Rxb5 Rh3+ 45.Ke4 Rxa3 46.f5 Kg7 47.Rb6 g5 48.Rd6 Rb3 49.Rd4 h5
50.Kd5 Kf6 51.Kc6 g4 52.b5 g3  0-1

[Event "HUN-ch (Women)"]
[Site "Budapest"]
[Date "1995.??.??"]
[Round "3"]
[White "Albert, Kornelia"]
[Black "Medvegy, Nora"]
[Result "1/2-1/2"]
[WhiteElo "2110"]
[BlackElo "2235"]

1.e4 c5 2.Nf3 e6 3.d4 cxd4 4.Nxd4 Nc6 5.Nb5 d6 6.c4 Nf6 7.N1c3 a6 8.Na3 b6
9.Be2 Bb7 10.f4 Rc8 11.O-O Be7 12.Be3 O-O 13.Rc1 Nb8 14.Bf3 Nbd7 15.Qe2 Rc7
16.Nab1 Qa8 17.Nd2 Rcc8 18.Bf2 Bd8 19.Bg3 Bc7 20.Kh1 Bc6 21.Nb3 Bb7 22.Rcd1 Rcd8
23.Bh4 Qb8 24.Rd2 Rc8 25.Rfd1 Rcd8 26.Nc1 Kh8 27.Nd3 Bc6 28.Nb4 Bb7 29.Nd3 Bc6
30.Nb4 Bb7 31.Nd3  1/2-1/2

[Event "Budapest FS12 IM"]
[Site "Budapest"]
[Date "1995.??.??"]
[Round "4"]
[White "Sziraki, Tamas"]
[Black "Mijailovic, Zoran"]
[Result "1/2-1/2"]
[WhiteElo "2255"]
[BlackElo "2360"]

1.e4 c5 2.Nf3 e6 3.d4 cxd4 4.Nxd4 Nc6 5.Nb5 d6 6.c4 Nf6 7.N1c3 a6 8.Na3 Be7
9.Be2 b6 10.O-O Bb7 11.Be3 O-O 12.Qd2 Ne5 13.f3 Qc7 14.Rac1 Rac8 15.Rfd1 Rfe8
16.Bf1 Kh8 17.Kh1 Rg8 18.Qd4 Ned7 19.Qd2 Ne5 20.Qd4  1/2-1/2

[Event "Budapest FS12 IM"]
[Site "Budapest"]
[Date "1995.??.??"]
[Round "5"]
[White "Turzo, Attila"]
[Black "Sziraki, Tamas"]
[Result "1-0"]
[WhiteElo "2310"]
[BlackElo "2255"]

1.e4 c5 2.Nf3 e6 3.d4 cxd4 4.Nxd4 Nc6 5.Nb5 d6 6.c4 Nf6 7.N1c3 a6 8.Na3 b6
9.Be2 Bb7 10.O-O Be7 11.Be3 O-O 12.Rc1 Nb8 13.f3 Nbd7 14.Qd2 Qc7 15.Rfd1 Rac8
16.Bf1 Rfe8 17.Nc2 Ne5 18.Na4 Nfd7 19.b3 Nc5 20.Nb2 Red8 21.Qf2 Ba8 22.b4 Ncd7
23.a3 Qb8 24.Nd4 Re8 25.Qg3 Nf6 26.Qf2 Bd8 27.Nb3 Bc7 28.Kh1 h6 29.Na4 Ned7
30.Nc3 Rcd8 31.g3 Ne5 32.Bd4 d5 33.exd5 exd5 34.c5 b5 35.Bxe5 Rxe5 36.Nd4 Rde8
37.Re1 Bb7 38.Rxe5 Rxe5 39.Re1 Qe8 40.Re2 Bc8 41.Kg1 h5 42.f4 Ne4 43.Nxe4 Rxe4
44.Bg2 Rxe2 45.Qxe2 Qxe2 46.Nxe2 Be6 47.Kf2 Bd8 48.Ke3 Kf8 49.Nd4 g6 50.Nc6 Bf6
51.Ne5 h4 52.Kd4 hxg3 53.hxg3 g5 54.Bxd5 gxf4 55.gxf4 Bc8 56.Ke4 Ke7 57.f5 Bxe5
58.Kxe5 f6+ 59.Ke4 Kd8 60.Ba8 Bd7 61.c6 Be8 62.Kd5  1-0

[Event "HUN-ch (Women)"]
[Site "Budapest"]
[Date "1995.??.??"]
[Round "10"]
[White "Forgo, Eva"]
[Black "Medvegy, Nora"]
[Result "1/2-1/2"]
[WhiteElo "2250"]
[BlackElo "2235"]

1.e4 c5 2.Nf3 e6 3.d4 cxd4 4.Nxd4 Nc6 5.Nb5 d6 6.c4 Nf6 7.N1c3 a6 8.Na3 b6
9.g3 Bb7 10.Bg2 Be7 11.O-O O-O 12.Nc2 Qc7 13.b3 Ne5 14.Bb2 Ned7 15.Qe2 Rac8
16.Rac1 Qb8 17.Ne3 Qa8 18.f3 Rfe8 19.Nc2  1/2-1/2

[Event "Buenos Aires op"]
[Site "Buenos Aires"]
[Date "1995.??.??"]
[Round "6"]
[White "De las Heras, Juan Carlos"]
[Black "Garcia, Raimundo"]
[Result "0-1"]
[WhiteElo "2205"]
[BlackElo "2385"]

1.e4 c5 2.Nf3 e6 3.d4 cxd4 4.Nxd4 Nc6 5.Nb5 d6 6.Bf4 e5 7.Be3 Be6 8.N1c3 Nf6
9.Bg5 a6 10.Bxf6 gxf6 11.Na3 d5 12.Nxd5 Bxa3 13.bxa3 Qa5+ 14.Qd2 Qxd2+ 15.Kxd2 O-O-O
16.c4 f5 17.f3 fxe4 18.fxe4 f5 19.exf5 Bxf5 20.Bd3 Bxd3 21.Kxd3 Rhg8 22.g3 Rg4
23.Rac1 Kb8 24.Ke2 Nd4+ 25.Ke3 Nf5+ 26.Kf3 Rd4 27.Rhe1 Nd6 28.Rxe5 Nxc4 29.Rh5 Nd2+
30.Ke2 R8xd5 31.Rxd5 Rxd5 32.Ke3 b5 33.g4 Nc4+ 34.Ke4 Rd2 35.h4 Rxa2 36.h5 Kc7
37.Kf5 Kd7 38.Re1 Rf2+ 39.Kg5 Nd6 40.Kh6 Rg2 41.Kg5 h6+ 42.Kf4 Rf2+ 43.Kg3 Rf6
44.a4 Re6 45.Rd1 Kc6 46.axb5+ axb5 47.Kf4 b4 48.Rf1 Nf7 49.Kf5 Rd6 50.Re1 b3
51.Rb1 Rd3 52.Kg6 Rf3 53.Kg7 Kd5 54.g5 hxg5 55.h6 Nxh6 56.Kxh6 g4 57.Kg5 g3
58.Kg4 Rd3  0-1

[Event "Cappelle op"]
[Site "Cappelle la Grande"]
[Date "1995.??.??"]
[Round "1"]
[White "Guedon, Stephanne"]
[Black "Tompa, Janos"]
[Result "1-0"]
[WhiteElo "2245"]
[BlackElo "2450"]

1.e4 c5 2.Nf3 e6 3.d4 cxd4 4.Nxd4 Nc6 5.Nb5 d6 6.c4 Nf6 7.N1c3 a6 8.Na3 Be7
9.Be2 O-O 10.O-O b6 11.Be3 Ne5 12.f4 Ned7 13.Bf3 Bb7 14.Qe2 Qc7 15.Rac1 Rac8
16.Rfd1 Rfd8 17.g4 Ne8 18.g5 Bf8 19.Bg2 Qb8 20.Nab1 Bc6 21.Na3 Nc5 22.Bf2 Nc7
23.b4 Nd7 24.Nc2 Ba8 25.Rd3 b5 26.Rh3 g6 27.Qg4 Bg7 28.Qh4 Nf8 29.Ne3 Ne8
30.f5 gxf5 31.exf5 Bxg2 32.Kxg2 Qb7+ 33.Kg1 Rxc4 34.Nxc4 bxc4 35.f6 Bh8 36.Ne4 Rc8
37.a3 a5 38.Bd4 axb4 39.Nf2 e5 40.Ng4 Bxf6 41.Nxf6+ Nxf6 42.gxf6 exd4 43.Qh6  1-0

[Event "Ceske Budejovice op"]
[Site "Ceske Budejovice"]
[Date "1995.??.??"]
[Round "9"]
[White "Goloshchapov, Alexander"]
[Black "Haba, Petr"]
[Result "0-1"]
[WhiteElo "2380"]
[BlackElo "2410"]

1.e4 c5 2.Nf3 e6 3.d4 cxd4 4.Nxd4 Nc6 5.Nb5 d6 6.c4 Nf6 7.N1c3 a6 8.Na3 b6
9.Be2 Bb7 10.O-O Nb8 11.f3 Be7 12.Be3 Nbd7 13.Qe1 O-O 14.Qf2 Rc8 15.Rac1 Re8
16.Rfd1 Qc7 17.b4 Qb8 18.Nab1 d5 19.cxd5 exd5 20.a3 Bd6 21.g3 dxe4 22.Nxe4 Nxe4
23.Rxc8 Qxc8 24.fxe4 Nf6 25.Nd2 b5 26.Rf1 Be5 27.a4 bxa4 28.Nc4 Qe6 29.Nxe5 Qxe5
30.Bd4 Qxe4 31.Bf3 Qxf3 32.Qxf3 Bxf3 33.Rxf3 Rb8 34.Bxf6 gxf6 35.Rxf6 a5
36.b5 Rxb5 37.Rf4 Rb4 38.Rf5 Rb2 39.Rxa5 Ra2 40.h3 Kg7 41.g4 a3 42.Ra6 f6
43.Kf1 h5 44.Ra7+ Kg6 45.Ra5 h4 46.Ke1 Kf7 47.Ra6 Ke7 48.Kf1 Kd7 49.Ke1 Kc7
50.Kd1 Kb7 51.Ra4 Kc6 52.Kc1 Kd5 53.Ra5+ Ke4 54.Rf5 Rh2 55.Kb1 Rxh3 56.Rxf6 Rg3
57.Ka2 h3 58.Rh6 Kf3 59.g5 Kg2 60.Rc6 h2 61.Rc2+ Kh3  0-1

[Event "Mid-America Class op"]
[Site "Chicago"]
[Date "1995.??.??"]
[Round "4"]
[White "Ash, Robert"]
[Black "Burke, John S"]
[Result "0-1"]
[WhiteElo "2095"]
[BlackElo "2065"]

1.e4 c5 2.Nf3 Nc6 3.d4 cxd4 4.Nxd4 e6 5.Nb5 d6 6.c4 Nf6 7.N1c3 a6 8.Na3 Be7
9.Be2 O-O 10.O-O b6 11.Be3 Bb7 12.f3 Nd7 13.Qd2 Qc7 14.Rac1 Nce5 15.Rfd1 Rfd8
16.Bf1 Rab8 17.Nd5 exd5 18.cxd5 Nc5 19.b4 Rf8 20.bxc5 bxc5 21.Nc4 Nxc4 22.Bxc4 Bf6
23.Rb1 Rfe8 24.Rb3 Bc8 25.Rdb1 Rxb3 26.Rxb3 g6 27.Qd3 Qa5 28.Qb1 Bg7 29.Rb6 Qc3
30.Qc1 Qxc1+ 31.Bxc1 f5 32.Rxd6 fxe4 33.Kf2 exf3 34.gxf3 Bd4+ 35.Kg2 Bf5
36.Bd2 Rb8 37.Kf1 Rb2 38.Ke1 Rb1+ 39.Ke2 Bh3 40.Rd8+ Kg7 41.Be1 Rb2+ 42.Kd1 Rb1+
43.Ke2 Rc1 44.Bxa6 Rc2+ 45.Kd1 Rxa2 46.Bc4 Ra4 47.Bb5 Ra1+ 48.Ke2 Ra2+ 49.Kd1 Bf5
50.Bc4 Ra4 51.Bb5 Ra1+ 52.Kd2 Ra2+ 53.Kc1 c4 54.Bb4 c3 55.Bf8+ Kf6 56.Rd6+ Kf7  0-1

[Event "Dortmund op"]
[Site "Dortmund"]
[Date "1995.??.??"]
[Round "4"]
[White "Weidemann, Christian"]
[Black "Razuvaev, Yuri S"]
[Result "0-1"]
[WhiteElo "2215"]
[BlackElo "2585"]

1.e4 c5 2.Nf3 Nc6 3.d4 cxd4 4.Nxd4 e6 5.Nb5 d6 6.c4 Nf6 7.N1c3 a6 8.Na3 Be7
9.Be3 b6 10.Be2 Bb7 11.O-O Nb8 12.f3 Nbd7 13.Qd2 O-O 14.g4 h6 15.Rad1 Re8
16.Nc2 Rc8 17.Rf2 Ne5 18.Qd4 Qc7 19.Na3 Ned7 20.Rc1 d5 21.cxd5 Bc5 22.Qd2 Bxe3
23.Qxe3 exd5 24.Rff1 Qb8 25.Rcd1 b5 26.Rd4 Nc5 27.Nc2 Ne6 28.Rd2 Nf4 29.Rd4 dxe4
30.fxe4 N4d5 31.Nxd5 Nxd5 32.Qb3 Qa7 33.Rd1 Nf4 34.Qe3 Rxc2  0-1

[Event "Catalunya-chT"]
[Site "ESP"]
[Date "1995.??.??"]
[Round "?"]
[White "Rosich, Alfred"]
[Black "De la Riva Aguado, Oscar"]
[Result "1/2-1/2"]
[WhiteElo "2250"]
[BlackElo "2425"]

1.e4 c5 2.Nf3 e6 3.d4 cxd4 4.Nxd4 Nc6 5.Nb5 d6 6.Bf4 e5 7.Be3 Nf6 8.N1c3 a6
9.Na3 b5 10.Nd5 Rb8 11.Bg5 Qa5+ 12.Bd2 Qd8 13.Bg5 Be7 14.Bxf6 Bxf6 15.c3 Ne7
16.Nxe7 Bxe7 17.Nc2 Bb7 18.Bd3 O-O 19.Ne3 Bg5 20.Qe2 Qb6 21.Nf5 g6 22.h4 Bf6
23.Ne3 Bg7 24.h5 Qc5  1/2-1/2

[Event "Finkenstein op"]
[Site "Finkenstein"]
[Date "1995.??.??"]
[Round "8"]
[White "Mencinger, Vojko"]
[Black "Kosmac, Blaz"]
[Result "1-0"]
[WhiteElo "2390"]
[BlackElo "2020"]

1.e4 c5 2.Nf3 e6 3.d4 cxd4 4.Nxd4 Nc6 5.Nb5 d6 6.c4 Nf6 7.N5c3 b6 8.Be2 Bb7
9.O-O Be7 10.Be3 O-O 11.f4 d5 12.e5 d4 13.exf6 Bxf6 14.Bf2 dxc3 15.Nxc3 Qc7
16.Qc1 Nd4 17.Bd3 Rac8 18.Qe3 g6 19.Rac1 Rfd8 20.Be4 Ba6 21.b3 b5 22.cxb5 Qxc3
23.Rxc3 Rxc3 24.bxa6 Rxe3 25.Bxe3 Rd6 26.Bb7 Bd8 27.Kf2 Bb6 28.Rc1 Kg7 29.b4 Nf5
30.Bxb6 Rxb6 31.a3 Kf6 32.g4 Nd6 33.Rc6 Rxc6 34.Bxc6 e5 35.b5  1-0

[Event "Geneve op"]
[Site "Geneve"]
[Date "1995.??.??"]
[Round "8"]
[White "Olivier, Jean Christophe"]
[Black "Milov, Leonid"]
[Result "0-1"]
[WhiteElo "2360"]
[BlackElo "2525"]

1.e4 c5 2.Nf3 e6 3.d4 cxd4 4.Nxd4 Nc6 5.Nb5 d6 6.c4 Nf6 7.N1c3 a6 8.Na3 b6
9.Be2 Bb7 10.Be3 Ne5 11.f3 Be7 12.O-O O-O 13.Qb3 Ned7 14.Rfd1 Qc7 15.Rac1 Rac8
16.Bf1 Qb8 17.Kh1 Bd8 18.Qc2 Bc7 19.h3 d5 20.exd5 exd5 21.Nxd5 Nxd5 22.cxd5 Nf6
23.Qf5 b5 24.Nc2 Rfe8 25.Bd4 Nxd5 26.Nb4 Ne7 27.Qg4 g6 28.Rxc7 Qxc7  0-1

[Event "Gent op"]
[Site "Gent"]
[Date "1995.??.??"]
[Round "3"]
[White "Dutreeuw, Marc"]
[Black "Maes, Wim"]
[Result "0-1"]
[WhiteElo "2380"]
[BlackElo "2170"]

1.e4 c5 2.Nf3 e6 3.d4 cxd4 4.Nxd4 Nc6 5.Nb5 d6 6.c4 Nf6 7.N1c3 a6 8.Na3 b6
9.Be3 Nb8 10.g4 Bb7 11.Bg2 Qc7 12.Rc1 Be7 13.f4 g5 14.f5 Nbd7 15.O-O Ne5
16.h3 h5 17.fxe6 fxe6 18.gxh5 Nxh5 19.Ne2 g4 20.Nd4 Kd7 21.Qa4+ Bc6 22.Nxc6 Qxc6
23.Qxc6+ Kxc6 24.hxg4 Ng3 25.Rfe1 Rag8 26.Rc3 Rxg4 27.Nc2 Nxe4 28.Nd4+ Kd7
29.Rc2 Ng5 30.Kf1 Rf8+ 31.Rf2 Rxf2+ 32.Bxf2 Nd3 33.Rd1 Nxb2 34.Rd2 Nxc4 35.Re2 Ne5
36.Rc2 d5 37.Nb3 Nc4 38.Re2 Rf4 39.Ke1 a5 40.Nc1 Bb4+ 41.Kd1 Rg4 42.Bg1 Ne4
43.Kc2 Rg3 44.Bxe4  0-1

[Event "Gent op"]
[Site "Gent"]
[Date "1995.??.??"]
[Round "9"]
[White "Dutreeuw, Marc"]
[Black "Vanderwaeren, Serge"]
[Result "1-0"]
[WhiteElo "2380"]
[BlackElo "2295"]

1.e4 c5 2.Nf3 e6 3.d4 cxd4 4.Nxd4 Nc6 5.Nb5 d6 6.c4 Nf6 7.N1c3 a6 8.Na3 Be7
9.Be2 O-O 10.O-O b6 11.Be3 Bb7 12.Qb3 Nd7 13.Rad1 Nc5 14.Qc2 Qc7 15.Rd2 Rac8
16.Qd1 Rfd8 17.Nab1 Nb8 18.f3 Ncd7 19.Qe1 Ne5 20.b3 Nbd7 21.Qf2 Ng6 22.Rfd1 Bh4
23.Qf1 Be7 24.Qf2 Bh4 25.Qf1 Be7 26.Kh1 Qb8 27.Qf2 Ba8 28.Bf1 Nge5 29.Bd4 Rf8
30.Be2 Ng6 31.Qg1 Rc7 32.Rc2 f5 33.exf5 Rxf5 34.Bd3 Rxf3 35.gxf3 Bxf3+ 36.Rg2 Nh4
37.Be4 Bxg2+ 38.Bxg2 Nc5 39.Nd2 Bf6 40.Nce4 Be5 41.Nxc5 dxc5 42.Be4 Rf7 43.Rf1 Qf8
44.Qg5 Bf6 45.Qg1 Qe7 46.Nf3 Nf5 47.Bf2  1-0

[Event "NRW-Liga I 9495"]
[Site "Germany"]
[Date "1995.??.??"]
[Round "?"]
[White "Weber, Peter"]
[Black "Gupta, Milon"]
[Result "1/2-1/2"]
[WhiteElo "2210"]
[BlackElo "2250"]

1.e4 c5 2.Nf3 Nc6 3.d4 cxd4 4.Nxd4 e6 5.Nb5 d6 6.c4 Nf6 7.N1c3 a6 8.Na3 b6
9.Be2 Bb7 10.Be3 Nb8 11.f3 Nbd7 12.O-O Be7 13.Qe1 O-O 14.Qf2 Qc7 15.Rfd1 Rfe8
16.Rac1 Rac8 17.Kh1 Qb8 18.g4 h6 19.Bf4 Ne5 20.Rd2 d5 21.exd5 exd5 22.Rcd1 d4
23.Nd5 Nxd5 24.cxd5 Bxd5 25.Qg3 Bc5 26.b4 Bxb4 27.Rxd4 Bxa3 28.Rxd5 f6 29.Bxa6 Rcd8
30.Bxe5 fxe5 31.Bb5 Rxd5 32.Rxd5 Rf8 33.g5 hxg5 34.Qxg5 Qc7 35.Rxe5 Qc1+
36.Qxc1 Bxc1 37.Kg2 Rf6 38.Bd3 Kf7 39.h4 Bf4 40.Rb5 Rd6 41.Be4 Ke7 42.Kh3 Rd2
43.Rxb6 Rxa2 44.Kg4 Be3 45.Rb3 Bd4 46.h5 Bf6 47.Rb7+ Kd6 48.Kf5 Ra5+  1/2-1/2

[Event "Groningen op"]
[Site "Groningen"]
[Date "1995.??.??"]
[Round "?"]
[White "Peptan, Corina"]
[Black "Landenbergue, Claude"]
[Result "1-0"]
[WhiteElo "2340"]
[BlackElo "2420"]

1.e4 c5 2.Nf3 e6 3.d4 cxd4 4.Nxd4 Nc6 5.Nb5 Bc5 6.Be2 Nf6 7.N1c3 O-O 8.O-O a6
9.Nd6 Qc7 10.Nxc8 Raxc8 11.Bd3 Ne5 12.Bf4 Bd6 13.Bg3 Neg4 14.Be2 Bxg3 15.hxg3 h5
16.Qd2 b5 17.a3 Rfd8 18.Qg5 d6 19.Rad1 Qb6 20.Bxg4 hxg4 21.e5 dxe5 22.Qxe5 Qc6
23.Rd4 Rxd4 24.Qxd4 a5 25.Rd1 Qc5 26.Qxc5 Rxc5 27.Rd8+ Kh7 28.Rb8 Re5 29.Kf1 Rh5
30.Rxb5 Rh1+ 31.Ke2 Rc1 32.Kd2 Rg1 33.Rxa5 Rxg2 34.Ke2 Rg1 35.Nd1 Ne4 36.Re5 f5
37.Rxe6 Ng5 38.Re8 Nf3 39.Ne3 Ra1 40.c4 Kg6 41.c5 Kf7 42.Ra8 Rb1 43.Rb8 g6
44.Rb6 Rc1 45.b4 Ne5 46.Rd6 Ra1 47.Nc2 Rc1 48.Nd4 Ra1 49.Nb5 Nc4 50.c6 Ra2+
51.Kd3 Ne5+ 52.Kd4 Nf3+ 53.Kc3  1-0

[Event "Hafnarfjordur op"]
[Site "Hafnarfjordur"]
[Date "1995.??.??"]
[Round "8"]
[White "Borge, Nikolaj"]
[Black "Blees, Albert"]
[Result "1/2-1/2"]
[WhiteElo "2405"]
[BlackElo "2410"]

1.e4 c5 2.Nf3 Nc6 3.d4 cxd4 4.Nxd4 e6 5.Nb5 d6 6.c4 Nf6 7.N5c3 Be7 8.Be2 O-O
9.O-O b6 10.Be3 Bb7 11.f4 d5 12.exd5 exd5 13.Nxd5  1/2-1/2

[Event "Wch U20 Girls"]
[Site "Halle"]
[Date "1995.??.??"]
[Round "3"]
[White "Xu Yuhua"]
[Black "Velcheva, Maria"]
[Result "1/2-1/2"]
[WhiteElo "2250"]
[BlackElo "2315"]

1.e4 c5 2.Nf3 e6 3.d4 cxd4 4.Nxd4 Nc6 5.Nb5 d6 6.c4 Nf6 7.N1c3 a6 8.Na3 Be7
9.Be2 O-O 10.O-O Bd7 11.Be3 Qa5 12.Rc1 Rfc8 13.Qd2 Be8 14.Rfd1 Rab8 15.f3 Nd7
16.Qe1 Nc5 17.Qg3 Na4 18.Nxa4 Qxa4 19.Bf4 Qb4 20.Rd2 e5 21.Bh6 Bf6 22.Rcd1 Nd4
23.Nc2 Nxe2+ 24.Rxe2 Qxc4 25.Red2 Kh8 26.Bg5 Bxg5 27.Qxg5 f6 28.Qh4 d5 29.Ne3 Qc5
30.Rd3 d4 31.Ng4 Qb6 32.f4 exf4 33.Nf2 Rd8 34.Qxf4 Qxb2 35.e5 f5 36.R3d2 Qb6
37.Qxf5 Bg6 38.Qf4 d3 39.Kh1 Qd4 40.Nxd3 Bxd3 41.Qxd4 Rxd4 42.Rxd3 Rxd3 43.Rxd3 Kg8
44.Kg1 Re8 45.Rd7 Rxe5 46.Rxb7 Ra5 47.Rb2  1/2-1/2